logo

Bir Sreshtho Munshi Abdur Rouf Library
Jhenaidah Cadet College

Marconi and the discovery of wireless / (Record no. 9048)

MARC details
000 -LEADER
fixed length control field 00747nam a2200265 4500
001 - CONTROL NUMBER
JCCL Control Number 9048
003 - CONTROL NUMBER IDENTIFIER
JCCL marc code BD - JhCC
005 - DATE AND TIME OF LATEST TRANSACTION
control field 20180307193310.0
008 - FIXED-LENGTH DATA ELEMENTS--GENERAL INFORMATION
fixed length control field 820805s1963 enka 000 0 eng d
035 ## - SYSTEM CONTROL NUMBER
system control number (BD - JhCC)9048
040 ## - CATALOGING SOURCE
Original cataloging agency NJT
Transcribing agency NJT
Modifying agency UKM
-- EQO
-- BD - JhCC
041 ## - LANGUAGE CODE
Language code of Book eng
082 04 - DEWEY DECIMAL CLASSIFICATION NUMBER
Classification number 621.38410924
DDC Edition number 18
Author mark and Year REA 1963
090 ## - LOCALLY ASSIGNED LC-TYPE CALL NUMBER (OCLC); LOCAL CALL NUMBER (OCLC)
Classification number (OCLC) (R) ; Classification number, CALL (RLIN) (NR) TK5739.M3
Local cutter number (OCLC) ; Book number/undivided call number, CALL (RLIN) R42
100 1# - MAIN ENTRY--PERSONAL NAME
Personal name Reade, Leslie.
245 10 - TITLE STATEMENT
Title Marconi and the discovery of wireless /
Statement of responsibility, etc Leslie Reade.
260 ## - PUBLICATION, DISTRIBUTION, ETC. (IMPRINT)
Place of publication, distribution, etc London :
Name of publisher, distributor, etc Faber and Faber,
Date of publication, distribution, etc [1963].
300 ## - PHYSICAL DESCRIPTION
Pagination 166 p. :
Other physical details ill., ports. ;
Dimensions 19 cm.
490 1# - SERIES STATEMENT
Series statement Men and events
504 ## - BIBLIOGRAPHY, ETC. NOTE
Bibliography, etc Bibliography: p. 159-160.
600 10 - SUBJECT ADDED ENTRY--PERSONAL NAME
Personal name Marconi, Guglielmo,
Dates associated with a name 1874-1937.
830 #0 - SERIES ADDED ENTRY--UNIFORM TITLE
Uniform title Men and events
942 ## - ADDED ENTRY ELEMENTS (KOHA)
Source of classification or shelving scheme Dewey Decimal Classification
Koha item type Books
Holdings
Source of classification or shelving scheme Damaged status Not for loan Home library Current library Shelving location Total Checkouts Full call number Barcode Date last seen Copy number Koha item type
Dewey Decimal Classification     JCC Rouf Library JCC Rouf Library General Stacks   621.38410924 REA 1963 12071 03/07/2018 C - 1 Books

JCC Library | Contacts | JCC Home

Last Update on 23 September 2017
Copyright @ 2017-2020 JCC Rouf Library
Rouf Library, Jhenidah Cadet College (JCC), Bangladesh